[Event "27. Schweinfurt Open"]
[Site "Schweinfurt"]
[Date "2017.06.17"]
[Round "5.23"]
[White "Korff, Udo"]
[Black "Roth, Claudia"]
[Result "1-0"]
[WhiteElo "1664"]
[BlackElo "1063"]
[PlyCount "57"]
[EventDate "2017.??.??"]
[WhiteTeam "(vls) Pettstadt/Kirchlauter"]
[BlackTeam "Spvgg Stetten"]

1. d4 d5 2. Nc3 e6 3. Nf3 Nf6 4. Bg5 c5 5. e4 Nc6 6. e5 h6 7. exf6 hxg5 8. fxg7
Bxg7 9. Bb5 cxd4 10. Nxd4 Bd7 11. Nxc6 Bxc3+ 12. bxc3 bxc6 13. Be2 Qc7 14. g3
Rb8 15. Rb1 Ke7 16. Qc1 Rxb1 17. Qxb1 Rb8 18. Qc1 f6 19. h4 Qa5 20. hxg5 Qxc3+
21. Kf1 Rf8 22. Rh7+ Rf7 23. g6 Rxh7 24. gxh7 f5 25. Qg5+ Kd6 26. Qg8 Qxc2 27.
h8=Q Qb1+ 28. Kg2 Qe4+ 29. Bf3 1-0

[Event "27. Schweinfurt Open"]
[Site "Schweinfurt"]
[Date "2017.06.17"]
[Round "5.24"]
[White "Roth, Ludwig"]
[Black "Chen, Jiwei"]
[Result "1-0"]
[WhiteElo "1425"]
[BlackElo "954"]
[PlyCount "41"]
[EventDate "2017.??.??"]
[WhiteTeam "Spvgg Stetten"]
[BlackTeam "SK Schweinfurt"]

1. e4 e5 2. Nf3 Nc6 3. Bc4 Bc5 4. c3 Bb6 5. d4 d6 6. dxe5 dxe5 7. Qxd8+ Kxd8 8.
Bxf7 Nf6 9. Bd5 Bd7 10. O-O Kc8 11. Bg5 Ne8 12. Nbd2 Nd6 13. Rfe1 Re8 14. b4
Nd8 15. Bxd8 Kxd8 16. Bb3 a6 17. c4 c5 18. Rac1 Nf7 19. Nf1 h6 20. Red1 Rc8 21.
Ne3 1-0

[Event "27. Schweinfurt Open"]
[Site "Schweinfurt"]
[Date "2017.06.17"]
[Round "5.25"]
[White "Brätz, Yannick"]
[Black "Orf, Niklas"]
[Result "1/2-1/2"]
[WhiteElo "1372"]
[BlackElo "950"]
[PlyCount "32"]
[EventDate "2017.??.??"]
[WhiteTeam "SK Schweinfurt"]
[BlackTeam "SK Bad Neustadt"]

1. e4 d6 2. d4 Nf6 3. f3 Nbd7 4. c4 e5 5. d5 Nc5 6. Nc3 a5 7. Be3 b6 8. g3 Be7
9. Nh3 h6 10. Nf2 Bd7 11. h4 Nh5 12. Rg1 g5 13. g4 Nf4 14. h5 Qc8 15. b3 Qb7
16. a3 O-O 1/2-1/2

[Event "27. Schweinfurt Open"]
[Site "Schweinfurt"]
[Date "2017.06.17"]
[Round "5.26"]
[White "Engelbrecht, Klaus"]
[Black "Cinar, Orhan"]
[Result "1-0"]
[WhiteElo "1596"]
[BlackElo "700"]
[PlyCount "33"]
[EventDate "2017.??.??"]
[WhiteTeam "SK Bad Neustadt"]
[BlackTeam "(vls) Schweinfurt"]

1. e4 e6 2. d4 Nc6 3. Nf3 Nf6 4. Nc3 Bb4 5. Bd3 Bxc3+ 6. bxc3 Ng4 7. h3 Nf6 8.
O-O b6 9. Re1 Bb7 10. d5 O-O 11. dxc6 Bxc6 12. e5 Nd5 13. Bxh7+ Kxh7 14. Ng5+
Kg6 15. h4 f6 16. h5+ Kf5 17. Qd3+ 1-0

[Event "27. Schweinfurt Open"]
[Site "Schweinfurt"]
[Date "2017.06.18"]
[Round "6.1"]
[White "Helm, Timo"]
[Black "Kuhn, Norbert"]
[Result "1/2-1/2"]
[WhiteElo "2015"]
[BlackElo "2059"]
[PlyCount "47"]
[EventDate "2017.??.??"]
[WhiteTeam "SC Bad Königshofen"]
[BlackTeam "SV Würzburg"]

1. e4 e6 2. d4 d5 3. exd5 exd5 4. Nc3 Nf6 5. Bg5 c6 6. Bd3 Be7 7. Nge2 Bg4 8.
f3 Bh5 9. Nf4 Bg6 10. Nxg6 hxg6 11. Qd2 Nh5 12. Bxe7 Qxe7+ 13. Kf2 O-O 14. g3
Nd7 15. Rhe1 Qd6 16. Bf1 Rfe8 17. Bh3 Nhf6 18. a3 Nb6 19. Bf1 Rad8 20. Rxe8+
Rxe8 21. Re1 Rxe1 22. Qxe1 Nbd7 23. Bh3 Kf8 24. Qe3 1/2-1/2

[Event "27. Schweinfurt Open"]
[Site "Schweinfurt"]
[Date "2017.06.18"]
[Round "6.2"]
[White "Bräutigam, Thomas"]
[Black "Ziegler, Michael"]
[Result "1/2-1/2"]
[WhiteElo "2070"]
[BlackElo "2126"]
[PlyCount "47"]
[EventDate "2017.??.??"]
[WhiteTeam "SV Würzburg"]
[BlackTeam "SC Prichsenstadt"]

1. d4 Nf6 2. c4 c6 3. Nf3 d5 4. e3 e6 5. Nc3 Nbd7 6. Bd3 dxc4 7. Bxc4 b5 8. Bd3
Bb7 9. O-O a6 10. Qe2 c5 11. Rd1 Qc7 12. Bd2 Be7 13. Rac1 Qb6 14. Be1 O-O 15.
Bb1 Rfd8 16. Ng5 h6 17. Nge4 Rac8 18. dxc5 Nxc5 19. Nxf6+ Bxf6 20. Rxd8+ Qxd8
21. Rd1 Qe7 22. a3 g6 23. b4 Nd7 24. Ne4 1/2-1/2

[Event "27. Schweinfurt Open"]
[Site "Schweinfurt"]
[Date "2017.06.18"]
[Round "6.3"]
[White "Weise, Martin"]
[Black "Roth, Jakob"]
[Result "1-0"]
[WhiteElo "2109"]
[BlackElo "1847"]
[PlyCount "71"]
[EventDate "2017.??.??"]
[WhiteTeam "SC Fulda"]
[BlackTeam "Spvgg Stetten"]

1. Nf3 Nf6 2. d4 d5 3. e3 e6 4. Bd3 c5 5. c3 Nc6 6. Nbd2 Bd6 7. dxc5 Bxc5 8. b4
Bd6 9. a3 O-O 10. Bb2 b6 11. c4 Bb7 12. O-O Qe7 13. Qe2 Rac8 14. Bxf6 Qxf6 15.
cxd5 exd5 16. Nb3 Ne5 17. Nbd4 Rc3 18. Ba6 Nxf3+ 19. Nxf3 Bc6 20. Nd4 Be5 21.
Qd2 Bxd4 22. exd4 Rb3 23. Bd3 Qd6 24. f4 Re8 25. Qc2 Ba4 26. Rae1 Qc6 27. b5
Qd7 28. Bxh7+ Kf8 29. Bf5 Qxb5 30. Qf2 g6 31. Qh4 Kg7 32. Bc2 Rbe3 33. Rxe3
Rxe3 34. f5 Kf8 35. Bxa4 Qxa4 36. Qh6+ 1-0

[Event "27. Schweinfurt Open"]
[Site "Schweinfurt"]
[Date "2017.06.18"]
[Round "6.4"]
[White "Gehrig, Thomas"]
[Black "Golda, Harald"]
[Result "0-1"]
[WhiteElo "2051"]
[BlackElo "2277"]
[PlyCount "60"]
[EventDate "2017.??.??"]
[WhiteTeam "SC Maßbach"]
[BlackTeam "SK Schweinfurt"]

1. d4 Nf6 2. c4 e6 3. Nc3 d5 4. Nf3 Be7 5. e3 O-O 6. Be2 b6 7. O-O Bb7 8. cxd5
Nxd5 9. a3 Nxc3 10. bxc3 c5 11. Bb2 Nc6 12. e4 Na5 13. Qd3 Rc8 14. Rad1 cxd4
15. cxd4 Nc4 16. Bc1 Nd6 17. Nd2 Qc7 18. Qe3 Qc6 19. f3 Nb5 20. Bxb5 Qxb5 21.
e5 Rc2 22. Rf2 Rfc8 23. Ne4 Bxe4 24. fxe4 h6 25. Bd2 Bg5 26. Qf3 Bxd2 27. Rfxd2
Rxd2 28. Rxd2 Rc1+ 29. Rd1 Qb1 30. Qf1 Rxd1 0-1

[Event "27. Schweinfurt Open"]
[Site "Schweinfurt"]
[Date "2017.06.18"]
[Round "6.5"]
[White "Helgert, Johannes"]
[Black "Diller, Peter"]
[Result "1/2-1/2"]
[WhiteElo "2045"]
[BlackElo "1971"]
[PlyCount "72"]
[EventDate "2017.??.??"]
[WhiteTeam "SV Würzburg"]
[BlackTeam "SK Rothenburg"]

1. d4 e6 2. c4 d5 3. Nc3 Nf6 4. cxd5 exd5 5. Bg5 c6 6. e3 Be6 7. Qb3 Nbd7 8.
Nf3 Be7 9. Bd3 Qb6 10. Qc2 h6 11. Bh4 Bd6 12. Bg3 Qc7 13. a3 a6 14. b4 Nb6 15.
Na4 Bxg3 16. hxg3 Nc4 17. Nc5 Qe7 18. Bxc4 dxc4 19. Ne5 Bd5 20. e4 Nxe4 21.
Nxe4 f6 22. f4 O-O-O 23. Ng6 Qe6 24. Nxh8 Bxe4 25. Qe2 Rxh8 26. O-O h5 27. Qf2
f5 28. Rfc1 Rh6 29. a4 Qd5 30. Ra3 Rd6 31. Rd1 Qf7 32. Rd2 Qd7 33. Qe3 g6 34.
Kf2 Re6 35. Qc3 Qd5 36. Kg1 Rd6 1/2-1/2

[Event "27. Schweinfurt Open"]
[Site "Schweinfurt"]
[Date "2017.06.18"]
[Round "6.6"]
[White "Seidens, Udo"]
[Black "Krenz, Dieter"]
[Result "1-0"]
[WhiteElo "2223"]
[BlackElo "1902"]
[PlyCount "107"]
[EventDate "2017.??.??"]
[WhiteTeam "SK Schweinfurt"]
[BlackTeam "SC Prichsenstadt"]

1. c4 e6 2. g3 d5 3. Nf3 Nf6 4. Bg2 b6 5. O-O Bb7 6. b3 dxc4 7. bxc4 Be7 8. Bb2
O-O 9. Qc2 Nbd7 10. d3 c5 11. a4 Qc7 12. a5 Rfd8 13. Nc3 Ne8 14. Nb5 Qc8 15.
axb6 axb6 16. Rxa8 Bxa8 17. Ra1 Bf6 18. Ra7 Bc6 19. Bxf6 Ndxf6 20. Qa2 Rd7 21.
Ne5 Bxb5 22. cxb5 Rxa7 23. Qxa7 Qc7 24. Qa1 h6 25. Bc6 Nd6 26. e4 Kh7 27. Kg2
Nc8 28. f4 Na7 29. Qa6 Nxc6 30. bxc6 Ne8 31. Qb7 f6 32. Nc4 b5 33. Qxb5 Qd8 34.
Ne3 Qd4 35. Kf3 Nd6 36. Qb3 Qa1 37. Kg2 Qe1 38. Kf3 Qh1+ 39. Kf2 f5 40. e5 c4
41. Qd1 Qxh2+ 42. Ng2 Nb5 43. Qa4 Nc3 44. Qc2 Nb5 45. Qxc4 Nc7 46. Qd4 Nd5 47.
Qxd5 exd5 48. c7 Qh1 49. c8=Q Qd1 50. Qxf5+ Kh8 51. e6 Qd2+ 52. Kg1 Qc1+ 53.
Kh2 Qc5 54. Qf7 1-0

[Event "27. Schweinfurt Open"]
[Site "Schweinfurt"]
[Date "2017.06.18"]
[Round "6.7"]
[White "Feichtner, Erich"]
[Black "Maar, Samuel"]
[Result "1/2-1/2"]
[WhiteElo "1929"]
[BlackElo "2048"]
[PlyCount "49"]
[EventDate "2017.??.??"]
[WhiteTeam "SK Schweinfurt"]
[BlackTeam "Bad Emstal"]

1. d4 Nf6 2. Nc3 g6 3. e4 d6 4. Bc4 Bg7 5. f3 O-O 6. Be3 Nc6 7. Qd2 Rb8 8. Be2
a6 9. a4 Re8 10. h4 e5 11. d5 Nd4 12. g4 h5 13. Bg5 hxg4 14. fxg4 Nxe2 15. Qxe2
Qd7 16. Bxf6 Bxf6 17. g5 Be7 18. Nf3 Qg4 19. O-O-O Qf4+ 20. Kb1 Bg4 21. Rdf1
Bxf3 22. Rxf3 Qg4 23. Qf2 Rf8 24. Rf1 b5 25. Rg1 1/2-1/2

[Event "27. Schweinfurt Open"]
[Site "Schweinfurt"]
[Date "2017.06.18"]
[Round "6.8"]
[White "Drewes, Thomas"]
[Black "Müller, Lutz"]
[Result "0-1"]
[WhiteElo "1787"]
[BlackElo "2042"]
[PlyCount "78"]
[EventDate "2017.??.??"]
[WhiteTeam "SV Würzburg"]
[BlackTeam "SC Bad Königshofen"]

1. d4 g6 2. Bf4 Bg7 3. e3 Nf6 4. h4 d6 5. c3 Nbd7 6. Bd3 e5 7. Bg5 h6 8. Bxf6
Nxf6 9. Nd2 Qe7 10. dxe5 dxe5 11. Qc2 Ng4 12. Nh3 Be6 13. O-O-O O-O 14. h5 g5
15. Nf1 Qc5 16. Bf5 Qe7 17. f3 Nf6 18. g4 Rfd8 19. Ng3 Nd5 20. Rhe1 Rd6 21. e4
Nb6 22. Bxe6 fxe6 23. Rxd6 Qxd6 24. Rd1 Qc6 25. b3 a5 26. Kb1 a4 27. Ne2 Bf8
28. Nc1 Qb5 29. Qd3 Qc5 30. Qd2 Be7 31. Nd3 Qb5 32. c4 Nxc4 33. Qc3 axb3 34.
axb3 Na3+ 35. Kb2 Bd6 36. Nhf2 Ra6 37. Nc1 Rc6 38. Qd3 Rc2+ 39. Ka1 Rxf2 0-1

[Event "27. Schweinfurt Open"]
[Site "Schweinfurt"]
[Date "2017.06.18"]
[Round "6.9"]
[White "Reinl, Fred"]
[Black "Blank, Stefan"]
[Result "0-1"]
[WhiteElo "1981"]
[BlackElo "1880"]
[PlyCount "96"]
[EventDate "2017.??.??"]
[WhiteTeam "SK Schweinfurt"]
[BlackTeam "SC Sulzbach"]

1. e4 g6 2. Nf3 Bg7 3. Nc3 d6 4. h3 Nf6 5. Bc4 O-O 6. O-O Nbd7 7. Re1 e5 8. d3
c6 9. Bb3 Nc5 10. Bg5 a5 11. d4 Nxb3 12. axb3 Qc7 13. b4 h6 14. Be3 Be6 15.
bxa5 Rxa5 16. b4 Rxa1 17. Qxa1 Nh5 18. dxe5 dxe5 19. Qc1 Kh7 20. Na4 f5 21. Bb6
Qf7 22. Nc5 Bc8 23. Nd3 fxe4 24. Rxe4 Qd5 25. Nd2 Bf5 26. Re3 e4 27. c4 Qf7 28.
Nxe4 Bxe4 29. Rxe4 Nf6 30. Rh4 Re8 31. Be3 h5 32. Bg5 Ne4 33. g4 Nxg5 34. Qxg5
Bf6 35. Qf4 Qe7 36. Rxh5+ gxh5 37. Qf5+ Kg7 38. Qxh5 Rh8 39. Qf5 Bh4 40. Kg2
Rf8 41. Qe5+ Qxe5 42. Nxe5 Rxf2+ 43. Kg1 Rf4 44. b5 Bf6 45. Nd7 Rxc4 46. g5
Bxg5 47. Ne5 Rc1+ 48. Kf2 cxb5 0-1

[Event "27. Schweinfurt Open"]
[Site "Schweinfurt"]
[Date "2017.06.18"]
[Round "6.10"]
[White "Boß, Rolf"]
[Black "Brux, Jürgen"]
[Result "1-0"]
[WhiteElo "1969"]
[BlackElo "1743"]
[PlyCount "41"]
[EventDate "2017.??.??"]
[WhiteTeam "(vls) Bamberg"]
[BlackTeam "DT Männerstadt"]

1. d4 Nf6 2. c4 g6 3. Nc3 Bg7 4. e4 d6 5. f3 O-O 6. Be3 Nbd7 7. Qd2 e5 8. Nge2
a6 9. d5 Rb8 10. b4 b6 11. g4 Qe7 12. Ng3 Bb7 13. h4 c6 14. dxc6 Bxc6 15. Rd1
Ne8 16. h5 Rd8 17. Qh2 Bh8 18. c5 dxc5 19. hxg6 fxg6 20. Bc4+ Rf7 21. Qxh7+ 1-0

[Event "27. Schweinfurt Open"]
[Site "Schweinfurt"]
[Date "2017.06.18"]
[Round "6.11"]
[White "Wiener, Horst"]
[Black "Hertkorn, Dieter"]
[Result "1-0"]
[WhiteElo "1945"]
[BlackElo "1454"]
[PlyCount "61"]
[EventDate "2017.??.??"]
[WhiteTeam "SK Schweinfurt"]
[BlackTeam "(vls) Ulm"]

1. e4 e5 2. f4 d5 3. exd5 e4 4. d3 Nf6 5. dxe4 Nxe4 6. Qe2 f5 7. Nc3 Qe7 8. Bd2
a6 9. O-O-O Nd7 10. Re1 Ndf6 11. g4 g6 12. g5 Ng8 13. Bg2 Bd7 14. Nxe4 fxe4 15.
Bc3 Bb5 16. Qxe4 O-O-O 17. Qxe7 Nxe7 18. Bxh8 Nxd5 19. Bxd5 Rxd5 20. c4 Bb4 21.
Bc3 Bxc3 22. bxc3 Bxc4 23. Ne2 Bxa2 24. Nd4 Rc5 25. Kb2 Bc4 26. Re5 Rxe5 27.
fxe5 c5 28. Nb3 b6 29. Rd1 Be2 30. Rd6 Bg4 31. Rxb6 1-0

[Event "27. Schweinfurt Open"]
[Site "Schweinfurt"]
[Date "2017.06.18"]
[Round "6.12"]
[White "Kwossek, Martin"]
[Black "Markert, Markus"]
[Result "0-1"]
[WhiteElo "1632"]
[BlackElo "1998"]
[PlyCount "80"]
[EventDate "2017.??.??"]
[WhiteTeam "SC Kitzingen"]
[BlackTeam "SK Bad Neustadt"]

1. d4 d5 2. Nf3 Nf6 3. c4 e6 4. Nc3 c6 5. e3 Bd6 6. Bd3 dxc4 7. Bxc4 O-O 8. O-O
Nbd7 9. Re1 e5 10. Qc2 h6 11. h3 Re8 12. e4 exd4 13. Nxd4 Ne5 14. Bb3 a6 15.
Nde2 Ng6 16. Be3 Qe7 17. f3 Nh5 18. g4 Qe5 19. Nd4 Nhf4 20. Nf5 Nxh3+ 21. Kf1
Bxf5 22. gxf5 Nh4 23. f4 Nxf4 24. Bxf4 Qxf4+ 25. Qf2 Qg4 26. Re3 Be5 27. Bd1
Qg5 28. Rh3 Bxc3 29. Rxh4 Be5 30. Rg4 Qf6 31. Bb3 Kh7 32. Rb1 Rad8 33. Bc2 Rd7
34. b4 Red8 35. Rg2 Bc3 36. Qf3 Rd2 37. Bb3 Rxg2 38. Qxg2 Rd2 39. Qg4 Qd4 40.
Qf4 Qd3+ 0-1

[Event "27. Schweinfurt Open"]
[Site "Schweinfurt"]
[Date "2017.06.18"]
[Round "6.13"]
[White "Bardorz, Christoph"]
[Black "Englert, Fred"]
[Result "0-1"]
[WhiteElo "1870"]
[BlackElo "1781"]
[PlyCount "58"]
[EventDate "2017.??.??"]
[WhiteTeam "TSV Rottendorf"]
[BlackTeam "SK Klingenberg"]

1. e4 c6 2. d4 d5 3. exd5 cxd5 4. c4 Nf6 5. Nc3 Nc6 6. Nf3 e6 7. Bd3 g6 8. h3
Bg7 9. c5 O-O 10. Be3 b6 11. Bb5 Bb7 12. Bxc6 Bxc6 13. b4 bxc5 14. bxc5 Qa5 15.
Bd2 Qc7 16. Rb1 Rab8 17. O-O Ne4 18. Re1 Rb7 19. Ne5 Bxe5 20. dxe5 Rxb1 21.
Nxb1 Qxe5 22. Bb4 Qb2 23. Rxe4 dxe4 24. Bc3 Qb5 25. Bf6 Qxc5 26. Qd2 Qf5 27.
Qd4 e3 28. fxe3 Qxb1+ 29. Kh2 Qe4 0-1

[Event "27. Schweinfurt Open"]
[Site "Schweinfurt"]
[Date "2017.06.18"]
[Round "6.14"]
[White "Brodt, Andreas"]
[Black "Völker, Joachim"]
[Result "1-0"]
[WhiteElo "1839"]
[BlackElo "1772"]
[PlyCount "56"]
[EventDate "2017.??.??"]
[WhiteTeam "SK Schweinfurt"]
[BlackTeam "SK Schweinfurt"]

1. d4 d5 2. Nf3 Nf6 3. Nc3 Bg4 4. e3 e6 5. a3 Nbd7 6. Be2 Be7 7. h3 Bh5 8. g4
Bg6 9. Bd2 Ne4 10. Bf1 h5 11. Rg1 hxg4 12. hxg4 c6 13. Bd3 Qc7 14. Qe2 O-O-O
15. O-O-O Rh3 16. Rh1 Rdh8 17. Rxh3 Rxh3 18. Rf1 Qd8 19. Qd1 Qf8 20. Ng1 Rh2
21. Bxe4 Bxe4 22. Nxe4 dxe4 23. f3 Nb6 24. fxe4 Nc4 25. Nf3 Bxa3 26. Nxh2 Bxb2+
27. Kb1 Qa3 28. c3 Bxc3 (28... Bxc3 29. Bxc3 Qxc3 30. Rf2 Qb4+ 31. Ka1 Qc3+ 32.
Ka2 Qa3+ 33. Kb1 Qb4+ 34. Kc1 Qa3+ 35. Kb1 Qb4+) 1-0

[Event "27. Schweinfurt Open"]
[Site "Schweinfurt"]
[Date "2017.06.18"]
[Round "6.15"]
[White "Heller, Thomas"]
[Black "Köhler, Michael"]
[Result "1-0"]
[WhiteElo "1783"]
[BlackElo "1229"]
[PlyCount "53"]
[EventDate "2017.??.??"]
[WhiteTeam "SV Bergtheim"]
[BlackTeam "SC Prichsenstadt"]

1. d4 Nf6 2. Nf3 d5 3. e3 Bg4 4. Be2 e6 5. O-O Bd6 6. Nbd2 Nbd7 7. b3 O-O 8.
Bb2 Rc8 9. c4 c5 10. a3 Re8 11. dxc5 Nxc5 12. b4 Ncd7 13. c5 Bxf3 14. Nxf3 Be7
15. Rc1 Rc7 16. Nd4 a6 17. c6 bxc6 18. Nxc6 Qc8 19. Nxe7+ Rxe7 20. Rxc7 Qxc7
21. Bxa6 Qa7 22. Be2 Nb6 23. Bd4 Rb7 24. Qc1 Qa8 25. Qc6 Nfd7 26. Rc1 Qxa3 27.
Ra1 1-0

[Event "27. Schweinfurt Open"]
[Site "Schweinfurt"]
[Date "2017.06.18"]
[Round "6.16"]
[White "Grasmik, Waldemar"]
[Black "Langguth, Rolf"]
[Result "0-1"]
[WhiteElo "1571"]
[BlackElo "1947"]
[PlyCount "82"]
[EventDate "2017.??.??"]
[WhiteTeam "(vls) Bad Kissingen"]
[BlackTeam "SK Schweinfurt"]

1. e4 Nf6 2. e5 Ng8 3. d4 d6 4. exd6 exd6 5. Nc3 Nf6 6. Qd3 d5 7. a3 Be7 8. Bd2
O-O 9. O-O-O c6 10. Bg5 Ng4 11. Be3 Bg5 12. f4 Re8 13. fxg5 Nxe3 14. h4 Bf5 15.
Qd2 Nxd1 16. Qxd1 Qd6 17. Be2 Nd7 18. g4 Be4 19. Nf3 Re7 20. Kb1 Bxf3 21. Bxf3
Rae8 22. Ka2 b5 23. b4 a5 24. bxa5 Ra8 25. Nb1 Rxa5 26. Qd2 Ra8 27. h5 Nb6 28.
Be2 Rea7 29. Rh3 b4 30. Kb2 Na4+ 31. Kc1 Nc3 32. Nxc3 bxc3 33. Rxc3 Rxa3 34.
Rxa3 Qxa3+ 35. Kd1 Qa1+ 36. Qc1 Qxd4+ 37. Bd3 Ra1 38. Qxa1 Qxa1+ 39. Kd2 Qd4
40. g6 hxg6 41. hxg6 fxg6 0-1

[Event "27. Schweinfurt Open"]
[Site "Schweinfurt"]
[Date "2017.06.18"]
[Round "6.17"]
[White "Schwarz, Dominik"]
[Black "Müller, Gerhard"]
[Result "1-0"]
[WhiteElo "1564"]
[BlackElo "1827"]
[PlyCount "89"]
[EventDate "2017.??.??"]
[WhiteTeam "SC Prichsenstadt"]
[BlackTeam "SC Bad Königshofen"]

1. d4 f5 2. Nf3 Nf6 3. Bf4 e6 4. e3 Be7 5. h3 Nc6 6. Be2 b6 7. Nbd2 Bb7 8. c3
O-O 9. O-O h6 10. Ne5 g5 11. Bh2 Qe8 12. Nxc6 Bxc6 13. Rc1 d6 14. Bc4 Qd7 15.
Re1 Kg7 16. Be2 Rfc8 17. c4 Bb7 18. b4 d5 19. Nf3 Bxb4 20. Ne5 Qe7 21. Rf1 Ba3
22. Rc2 dxc4 23. Bh5 Be4 24. Rxc4 Bd6 25. Ng6 Bxh2+ 26. Kxh2 Qd6+ 27. Ne5 c5
28. Kg1 Bd5 29. Rc2 c4 30. Be2 b5 31. a4 a6 32. axb5 axb5 33. Ra2 Rcb8 34. Qb1
Rxa2 35. Qxa2 Ra8 36. Qb2 Rb8 37. Ra1 Qb6 38. Qb4 Qb7 39. f3 h5 40. Qc5 g4 41.
Ra7 g3 42. Rxb7+ Rxb7 43. Kf1 h4 44. Ke1 Nd7 45. Qe7+ 1-0

[Event "27. Schweinfurt Open"]
[Site "Schweinfurt"]
[Date "2017.06.18"]
[Round "6.18"]
[White "Hohner, Karl-Heinz"]
[Black "Bardorz, Jana"]
[Result "1/2-1/2"]
[WhiteElo "1799"]
[BlackElo "1540"]
[PlyCount "47"]
[EventDate "2017.??.??"]
[WhiteTeam "(vls) Stockheim Kronach"]
[BlackTeam "TSV Rottendorf"]

1. d4 d5 2. c4 e6 3. Nc3 Nf6 4. Nf3 Be7 5. Bf4 c6 6. e3 O-O 7. Qc2 Nbd7 8. Bd3
dxc4 9. Bxc4 Re8 10. O-O Nf8 11. Bd3 Nd5 12. Nxd5 exd5 13. Ne5 f6 14. Nf3 Be6
15. Rab1 a5 16. a3 Rc8 17. b4 axb4 18. axb4 Bf7 19. Qb2 Bg6 20. Bxg6 Nxg6 21.
Bg3 Bd6 22. Bxd6 Qxd6 23. Ra1 Ra8 24. Ra3 1/2-1/2

[Event "27. Schweinfurt Open"]
[Site "Schweinfurt"]
[Date "2017.06.18"]
[Round "6.19"]
[White "Eichenauer, Pascal"]
[Black "Hüttinger, Siegfried"]
[Result "0-1"]
[WhiteElo "1769"]
[BlackElo "1469"]
[PlyCount "96"]
[EventDate "2017.??.??"]
[WhiteTeam "SV Würzburg"]
[BlackTeam "SC KS Alzenau"]

1. d4 d5 2. c4 c6 3. Nc3 Nf6 4. Nf3 Bf5 5. cxd5 cxd5 6. Qb3 b6 7. e4 Bxe4 8.
Nxe4 dxe4 9. Bb5+ Nfd7 10. Qd5 exf3 11. Qxa8 fxg2 12. Bxd7+ Kxd7 13. Qd5+ Ke8
14. Qxd8+ Kxd8 15. Rg1 e6 16. Bd2 Nc6 17. Bc3 f6 18. O-O-O Ne7 19. Bb4 Nd5 20.
Bxf8 Rxf8 21. Rxg2 g6 22. Re1 Kd7 23. Rg3 Kd6 24. b3 a5 25. Kb2 Rg8 26. a3 h5
27. Rc1 h4 28. Rd3 g5 29. Kc2 Rc8+ 30. Kb2 Rxc1 31. Kxc1 e5 32. dxe5+ Kxe5 33.
f3 f5 34. Kd1 g4 35. fxg4 fxg4 36. Ke1 Ke4 37. Rd2 g3 38. Kf1 Ne3+ 39. Kg1 g2
40. Kf2 h3 41. Re2 Kf4 42. Rd2 Ng4+ 43. Kg1 Ne5 44. Kf2 Nf3 45. Rd1 g1=Q+ 46.
Rxg1 Nxg1 47. Kxg1 Kf3 48. a4 Ke2 0-1

[Event "27. Schweinfurt Open"]
[Site "Schweinfurt"]
[Date "2017.06.18"]
[Round "6.20"]
[White "Ley, Reinhard"]
[Black "Korff, Udo"]
[Result "1/2-1/2"]
[WhiteElo "1714"]
[BlackElo "1664"]
[PlyCount "80"]
[EventDate "2017.??.??"]
[WhiteTeam "SV Siershahn"]
[BlackTeam "(vls) Pettstadt/Kirchlauter"]

1. d4 d5 2. Nf3 Nf6 3. e3 Bg4 4. Be2 Bxf3 5. Bxf3 c6 6. Nd2 Nbd7 7. O-O e5 8.
dxe5 Nxe5 9. Be2 Be7 10. Nf3 Nxf3+ 11. Bxf3 Qc7 12. b3 Rd8 13. Bb2 O-O 14. Qe2
Rfe8 15. Rad1 Kh8 16. c4 Rd7 17. Bxf6 Bxf6 18. cxd5 cxd5 19. Rxd5 Rxd5 20. Bxd5
Rc8 21. Rd1 g6 22. Qf3 Be5 23. g3 Rd8 24. Bc4 Rxd1+ 25. Qxd1 Kg7 26. Qd5 b6 27.
f4 Bf6 28. Kg2 Bc3 29. Kf3 f5 30. h3 h5 31. e4 fxe4+ 32. Kxe4 Qe7+ 33. Kf3 Qe1
34. Qd7+ Kh6 35. Qd3 Bb4 36. Bf7 Qh1+ 37. Ke3 Bc5+ 38. Kd2 Bb4+ 39. Ke3 Bc5+
40. Kd2 Bb4+ 1/2-1/2

[Event "27. Schweinfurt Open"]
[Site "Schweinfurt"]
[Date "2017.06.18"]
[Round "6.21"]
[White "Leichum, Engelbert"]
[Black "Roth, Ludwig"]
[Result "0-1"]
[WhiteElo "1688"]
[BlackElo "1425"]
[PlyCount "90"]
[EventDate "2017.??.??"]
[WhiteTeam "(vls) Frankfurt"]
[BlackTeam "Spvgg Stetten"]

1. e4 d6 2. d4 Nf6 3. Bd3 Nc6 4. Ne2 g6 5. Bg5 Bg7 6. Qd2 h6 7. Bh4 g5 8. Bg3
Nh5 9. c3 Nxg3 10. Nxg3 e6 11. Nh5 Bf6 12. O-O Bd7 13. b4 Qe7 14. a4 Rg8 15. a5
a6 16. Na3 Kd8 17. b5 axb5 18. Nxb5 Rxa5 19. d5 Rxa1 20. Rxa1 exd5 21. exd5 Re8
22. Ra8+ Bc8 23. Kf1 Qe5 24. Ng3 Ne7 25. c4 g4 26. Qa5 b6 27. Qa7 Nxd5 28. Ne4
Qf4 29. Rxc8+ Kxc8 30. Nexd6+ Kd7 31. Bf5+ Ke7 32. cxd5 Qc1+ 33. Ke2 Qb2+ 34.
Ke3 Bg5+ 35. Kd3 Qd2+ 36. Kc4 Qc1+ 37. Nc3 Kxd6 38. Qb7 Qf4+ 39. Ne4+ Rxe4+ 40.
Bxe4 Qxe4+ 41. Kc3 Bf6+ 42. Kd2 Qxd5+ 43. Qxd5+ Kxd5 44. Kc2 c5 45. Kb3 b5 0-1

[Event "27. Schweinfurt Open"]
[Site "Schweinfurt"]
[Date "2017.06.18"]
[Round "6.22"]
[White "Brätz, Yannick"]
[Black "Kaptan, Cagatay"]
[Result "0-1"]
[WhiteElo "1372"]
[BlackElo "1500"]
[PlyCount "80"]
[EventDate "2017.??.??"]
[WhiteTeam "SK Schweinfurt"]
[BlackTeam "(vls) Schweinfurt"]

1. e4 c5 2. Nf3 d6 3. Bb5+ Bd7 4. Bxd7+ Qxd7 5. O-O Nc6 6. Re1 e6 7. c3 Nge7 8.
d4 cxd4 9. cxd4 d5 10. e5 g6 11. Nc3 Bg7 12. Nb5 O-O 13. b3 Nxe5 14. Nxe5 Qxb5
15. Ba3 Rfe8 16. Qd2 Nc6 17. Nxc6 Qxc6 18. Rac1 Qd7 19. Qf4 Rac8 20. Bb2 Rxc1
21. Rxc1 Rc8 22. h3 Bf8 23. Kh1 a6 24. a4 Rxc1+ 25. Qxc1 Qc6 26. Qc3 Qxc3 27.
Bxc3 Bd6 28. Kg1 f6 29. f3 Kf7 30. Kf2 h5 31. Ke3 h4 32. Bb2 Ke7 33. Bc3 Kd7
34. Bb2 g5 35. Kd3 Kc6 36. Bc3 b5 37. Ba5 Be7 38. Bc3 Kb6 39. Ke3 Bd6 40. Bd2
Bf4+ 0-1

[Event "27. Schweinfurt Open"]
[Site "Schweinfurt"]
[Date "2017.06.18"]
[Round "6.23"]
[White "Orf, Niklas"]
[Black "Bardorz, Stefan"]
[Result "0-1"]
[WhiteElo "950"]
[BlackElo "1426"]
[PlyCount "114"]
[EventDate "2017.??.??"]
[WhiteTeam "SK Bad Neustadt"]
[BlackTeam "TSV Rottendorf"]

1. d4 d5 2. Bf4 Nf6 3. Nf3 e6 4. c3 c5 5. e3 Nc6 6. Bd3 c4 7. Bc2 Bd6 8. Bxd6
Qxd6 9. Nbd2 O-O 10. b3 cxb3 11. axb3 b6 12. e4 dxe4 13. Nxe4 Nxe4 14. Bxe4 a5
15. O-O Ba6 16. Re1 Ra7 17. Qd2 Rd8 18. Re3 Ne7 19. Rd1 Qa3 20. Qc2 f5 21. Bd3
Bxd3 22. Rdxd3 Nd5 23. Rxe6 Nf4 24. Rxb6 Nxd3 25. Qxd3 Qc1+ 26. Qf1 Qxc3 27.
Qc4+ Qxc4 28. bxc4 a4 29. Rb1 a3 30. Ra1 Rb8 31. d5 Rc8 32. Nd2 Kf7 33. f4 a2
34. Kf2 Ke7 35. Ke3 Kd6 36. Kd4 Rb8 37. c5+ Kd7 38. Kc3 Ra3+ 39. Kc2 Rb5 40.
c6+ Kc7 41. Nc4 Ra4 42. Nb2 Rxf4 43. Rxa2 Rf2+ 44. Kc3 Rxd5 45. Ra7+ Kxc6 46.
Rxg7 Rc5+ 47. Nc4 Rf4 48. Rxh7 Rcxc4+ 49. Kd3 Rcd4+ 50. Kc3 Rh4 51. h3 Rxh7 52.
Kxd4 Rg7 53. Ke5 Rxg2 54. Kxf5 Kd7 55. Kf4 Ke6 56. Kf3 Rg1 57. Kf2 Rg8 0-1

[Event "27. Schweinfurt Open"]
[Site "Schweinfurt"]
[Date "2017.06.18"]
[Round "6.24"]
[White "Roth, Claudia"]
[Black "Engelbrecht, Klaus"]
[Result "0-1"]
[WhiteElo "1063"]
[BlackElo "1596"]
[PlyCount "104"]
[EventDate "2017.??.??"]
[WhiteTeam "Spvgg Stetten"]
[BlackTeam "SK Bad Neustadt"]

1. e4 e5 2. Nf3 d6 3. Bc4 Be7 4. O-O Bg4 5. h3 Bh5 6. c3 Nc6 7. d4 exd4 8. cxd4
Bf6 9. Be3 Nge7 10. Nbd2 Bxd4 11. g4 Bxe3 12. fxe3 Bg6 13. Nh4 d5 14. Nxg6 hxg6
15. exd5 Nxd5 16. Qf3 Nf6 17. Ne4 Ne5 18. Nxf6+ gxf6 19. Qe4 Kf8 20. Rad1 Qe7
21. Qxb7 Nxc4 22. Qxa8+ Kg7 23. Qf3 Qxe3+ 24. Rf2 Qb6 25. h4 Rxh4 26. Rdf1 Ne5
27. Qxf6+ Qxf6 28. Rxf6 Rxg4+ 29. Kh2 Ra4 30. a3 Ng4+ 31. Kg3 Nxf6 32. Rc1 Nd5
33. Rc5 Ne3 34. Rxc7 Nd1 35. b3 Rxa3 36. Kf4 Rxb3 37. Rxa7 Rb5 38. Ke4 Rb6 39.
Kd3 Rf6 40. Ra2 g5 41. Rd2 Rd6+ 42. Ke2 Nc3+ 43. Ke3 Rxd2 44. Kxd2 Nd5 45. Kd3
f5 46. Ke2 Kf6 47. Kf2 Ke5 48. Kg3 Ke4 49. Kf2 f4 50. Kg2 Ke3 51. Kh3 f3 52.
Kg3 Ke2 0-1